[Event "Ambalangoda Dhamso op 8th"]
[Site "Ambalangoda"]
[Date "2018.04.19"]
[Round "2"]
[White "Thusara, HG Thoshintha"]
[Black "Dabarera, GWDM"]
[Result "0-1"]
[WhiteElo "1131"]
[BlackElo "1721"]
[PlyCount "64"]
[EventDate "2018.04.19"]
[EventType "swiss"]
[EventRounds "9"]
[EventCountry "SRI"]
[SourceTitle "CBM 184 Extra"]
[Source "ChessBase"]
[SourceDate "2018.06.28"]
[SourceVersion "1"]
[SourceVersionDate "2018.06.28"]
[SourceQuality "1"]

1. d4 Nf6 2. c4 g6 3. Nc3 Bg7 4. Nf3 0-0 5. Bg5 d6 6. e4 Nbd7 7. Qd2 c5 8. d5 a6 9. h4 Rb8 10. h5 b5 11. Bh6 b4 12. Bxg7 bxc3 13. bxc3 Kxg7 14. hxg6 fxg6 15. Qh6+ Kg8 16. Ng5 Qa5 17. Rc1 Rf7 18. Nxf7 Kxf7 19. g4 Nf8 20. Qf4 Bxg4 21. f3 Bd7 22. e5 dxe5 23. Qxe5 Rb2 24. d6 exd6 25. Qxd6 Rxa2 26. Rh4 Qa3 27. Qf4 a5 28. Bh3 Bxh3 29. Rxh3 Qb2 30. Qe3 Qg2 31. Rh6 Qg3+ 32. Kf1 Ng4 0-1